Plans to protect open spaces and playing fields (Record no. 70842)
[ view plain ]
| 000 -LEADER | |
|---|---|
| fixed length control field | 00818cam a2200193 4500 |
| 001 - CONTROL NUMBER | |
| control field | WB3828-14 |
| 008 - FIXED-LENGTH DATA ELEMENTS--GENERAL INFORMATION | |
| fixed length control field | 020730n2002 000 0 eng u |
| 035 ## - SYSTEM CONTROL NUMBER | |
| System control number | (Sirsi) u119096 |
| 245 ## - TITLE STATEMENT | |
| Title | Plans to protect open spaces and playing fields |
| 260 ## - PUBLICATION, DISTRIBUTION, ETC. | |
| Date of publication, distribution, etc. | 2002 |
| 490 ## - SERIES STATEMENT | |
| Series statement | ODPM News Release |
| Volume/sequential designation | (046) 24 July 2002, (4) |
| 520 ## - SUMMARY, ETC. | |
| Summary, etc. | ODPM with DES and DCMS has announced new planning guidelines to ensure protection of sports pitches. PPG 17 emphasises role of local authorities in this, and new legislation will safeguard smaller pitches. www.odpm.gov.uk/news/0207/0046.htm PPG 17 www.planning.odpm.gov.uk/ppg/ppg17/index.htm |
| 590 ## - LOCAL NOTE (RLIN) | |
| Local note | WB |
| 650 ## - SUBJECT ADDED ENTRY--TOPICAL TERM | |
| Topical term or geographic name entry element | OPEN SPACES |
| 650 ## - SUBJECT ADDED ENTRY--TOPICAL TERM | |
| Topical term or geographic name entry element | PLAYING FIELDS |
| 650 ## - SUBJECT ADDED ENTRY--TOPICAL TERM | |
| Topical term or geographic name entry element | SPORTS GROUNDS |
| 690 ## - LOCAL SUBJECT ADDED ENTRY--TOPICAL TERM (OCLC, RLIN) | |
| Topical term or geographic name as entry element | ENVIRONMENTAL AND LAND CONSULTANCY-PLANNING AND DEVELOPMENT |
| 942 ## - ADDED ENTRY ELEMENTS (KOHA) | |
| Suppress in OPAC | 0 |
| Withdrawn status | Lost status | Source of classification or shelving scheme | Damaged status | Not for loan | Home library | Current library | Shelving location | Date acquired | Total Checkouts | Full call number | Barcode | Date last seen | Copy number | Price effective from | Koha item type |
|---|---|---|---|---|---|---|---|---|---|---|---|---|---|---|---|
| Dewey Decimal Classification | London | London | News article | 30/07/2002 | WB3828-14 | 119096-1001 | 06/08/2019 | 1 | 06/08/2019 | News article |